| 000 | 00495nam a2200169 a 4500 | ||
|---|---|---|---|
| 001 | 5390 | ||
| 003 | CDMR | ||
| 005 | 20130320111203.0 | ||
| 008 | 130130s2010||||||||||||||||||||||||||||d | ||
| 020 | _a9788484961475 | ||
| 040 |
_aCDMR _bcat _cCPC GIRONA |
||
| 110 |
_91047 _aGirona _b -- Ajuntament |
||
| 245 | 0 |
_aPasseig per l'invisible _b: itinerari quĂmic per la ciutat de Girona _c[text: Josep Duran] |
|
| 260 |
_c2010 _bAjuntament de Girona |
||
| 490 | 0 |
_aGirona, itineraris _v16 |
|
| 942 |
_cMON _2ddc |
||
| 999 |
_c5390 _d5390 |
||